| 000 | 01458cam a22003737a 4500 | ||
|---|---|---|---|
| 003 | CHAP | ||
| 005 | 20220817043600.0 | ||
| 008 | 991214d1999 mx r 00110 spa d | ||
| 010 | _a79047 | ||
| 011 | _a80019 | ||
| 035 | _a90460 | ||
| 040 | _cCHAP | ||
| 090 | _aTesis | ||
| 100 | 0 | 0 |
_aMorgado Gutiérrez, Javier. _978777 |
| 245 | 1 | 0 |
_aEstrategias para controlar al pistillo (Phalaris spp) resistente a herbicidas Aryloxyphenoxypropionatos y Ciclohexanodionas en trigo (Triticum vulgare L.)como parte de un manejo integrado _c/por Javier Morgado Gutiérrez |
| 260 |
_aChapingo, Méx. : _bEl autor, _c1999 |
||
| 300 |
_a61 h. : _bcuaqdros |
||
| 502 | _aTesis (M.C. en Protección Vegetal) -- UACH. Departamento de Parasitología Agrícola | ||
| 590 |
_aALEPH _b10 _c20130110 _lUCH01 _h1430 |
||
| 590 |
_aBATCH-UPD _b10 _c20130110 _lUCH01 _h0911 |
||
| 590 |
_aBATCH-UPD _b10 _c20130410 _lUCH01 _h0536 |
||
| 590 |
_aBATCH-UPD _b10 _c20130914 _lUCH01 _h1608 |
||
| 590 |
_aCONVERSION _b10 _c20130109 _lUCH01 _h1344 |
||
| 650 | 1 | 4 |
_aHerbicidas. _953691 |
| 650 | 1 | 4 |
_aMalas hierbas _xResistencia a herbicidas. |
| 650 | 1 | 4 |
_aPhalaris minor. _987761 |
| 650 | 1 | 4 |
_aTrigo _xMalas hierbas _xControl. _9115054 |
| 650 | 1 | 4 |
_aTrigo _zMéxico. _9115130 |
| 901 | _aBK | ||
| 905 | _aMarco A. Mendoza T. | ||
| 942 | _cFOLL | ||
| 949 |
_aTesis _bBC _cTES _d33724000751335 _eTS2 _fc.2 _gDonaciØn _h35263 _i90460 _si |
||
| 949 |
_aTesis _bBC _cTES _d904601 _eTS1 _gDonaciØn _h35262 _i90460 _sb |
||
| 999 |
_c79047 _d79047 |
||